Italian Surnames - Sudden Death (G) - Statistics

General Stats
  • This quiz has been taken 20 times
  • The average score is 7 of 15
Answers on the Grid
Answers color-coded by a green-red scale on the quiz's grid according to % correct below.
Grandesso
Gotti
Gai
Gaj
Gaio
Giacomini
Gilli
Gavin
Gaggero
Garoni
Garon
Guetta
Guerin
Garbo
Garibaldi
Gondrand
Gay
Gilet
Gjyli
Garber
Go
Guan
Gros
Gil
Gali
Ghali
Gottlieb
Gaga
Gaz
Gaber
 
Answer Stats
Answer % Correct
Garibaldi
76%
Garoni
76%
Giacomini
76%
Gotti
76%
Gaggero
71%
Grandesso
65%
Gaio
47%
Gilli
47%
Guetta
41%
Gai
29%
Garbo
24%
Garon
18%
Guerin
18%
Gaj
12%
Gavin
12%
No matching quizzes found
Score Distribution
Percent of People with Each Score
Percentile by Number Answered
Your Score History
You have not taken this quiz